National Flags With Cantons - Statistics

General Stats
  • This quiz has been taken 39 times
  • The average score is 10 of 14
Answer Stats
Continent Nation % Correct
Oceania Australia
96%
Oceania New Zealand
96%
Oceania Fiji
82%
Oceania Tuvalu
82%
S. America Chile
79%
Oceania Samoa
68%
Oceania Tonga
68%
Asia Taiwan
64%
S. America Uruguay
64%
Europe Greece
54%
Africa Liberia
54%
Africa Togo
54%
Asia Malaysia
50%
N. America United States
46%
No matching quizzes found
Score Distribution
Percent of People with Each Score
Percentile by Number Answered
Your Score History
You have not taken this quiz